000 00715nam a22001937a 4500
999 _c13991
_d13991
003 AR-CdUCM
008 190417b ||||| |||| 00| 0 spa d
040 _aMUNICIPALIDAD PROVINCIAL DEL CUSCO
_cBIBLIOTECA MUNICIPAL DEL CUSCO
082 _aEP / 803 /
_bT72
100 _aToro Montalvo, César
_912608
245 _aMitos y leyendas de la Costa /
260 _aLima :
_bFondo editorial cultura peruana,
_c2007.
300 _a157 páginas ;
_c15 cm.
440 _aCuadernos didácticos.
_932644
505 _aContenido :El cura sin cabeza -- El enano muqui -- Los duendes del cusco -- Mito de los cañaris -- La campana invisible ...
650 _aCuentos
_9217
942 _2ddc
_cLIBROS
945 _arum
_d2019-04-17